Statistics for Name that Historical Figure #3

Click here to take the quiz!

General Stats

  • This quiz has been taken 98,978 times
    (32,715 since last reset)
  • The average score is 15 of 20

Answer Stats

Answer % Correct
Albert Einstein
99%
Adolf Hitler
98%
Abraham Lincoln
97%
Marilyn Monroe
94%
Napoleon
92%
Margaret Thatcher
85%
Mao Zedong
85%
Queen Victoria
84%
John Lennon
78%
Franklin D. Roosevelt
74%
Louis Armstrong
73%
Charles Darwin
71%
Rasputin
68%
Dwight Eisenhower
65%
Rosa Parks
64%
Isaac Newton
54%
Charles de Gaulle
52%
Socrates
52%
Walt Disney
51%
Ernest Hemingway
30%

Score Distribution

Percentile by Number Answered

Percent of People with Each Score

Your Score History

You have not taken this quiz since the last reset